| 000 | 00346nam a22001457a 4500 | ||
|---|---|---|---|
| 008 | 210308b ||||| |||| 00| 0 eng d | ||
| 020 | _a9780078110894 | ||
| 041 | _aeng | ||
| 080 |
_26th _a334.7 |
||
| 082 |
_26th _a334.7 |
||
| 100 | _a55 | ||
| 101 | _aMF | ||
| 245 |
_aFundamental Managerial Accounting Concepts _cEdmonds,P.T |
||
| 942 |
_2udc _cBK |
||
| 999 |
_c55989 _d55989 |
||